Statistics for The Top 100 Universities In The World

Click here to take the quiz!

General Stats

  • This quiz has been taken 29 times
  • The average score is 41 of 100

Answer Stats

#CountriesAnswer% Correct
3United KingdomUniversity Of Cambridge
96%
5United KingdomUniversity Of Oxford
96%
23CanadaUniversity Of Toronto
69%
87GermanyHumboldt University Of Berlin
62%
33AustraliaUniversity Of Melbourne
62%
26JapanUniversity Of Tokyo
62%
66Hong KongThe Chinese University Of Hong Kong
58%
27Hong KongThe University Of Hong Kong
58%
10United KingdomUniversity College London
58%
73NetherlandsUniversity Of Amsterdam
58%
95DenmarkAarhus University
54%
49AustraliaAustralian National University
54%
67United StatesBoston University
54%
65United StatesBrown University
54%
45United StatesCarnegie Mellon University
54%
17United StatesColumbia University
54%
15United StatesCornell University
54%
18United StatesDuke University
54%
9SwitzerlandETH Zurich
54%
89ChinaFudan University
54%
100BelguimGhent University
54%
4United StatesHarvard University
54%
47GermanyHeidelberg University
54%
14United StatesJohns Hopkins University
54%
44JapanKyoto University
54%
84NetherlandsLeiden University
54%
48GermanyLudwig Maximilian University Of Munich
54%
98SwedenLund University
54%
41CanadaMcGill University
54%
91CanadaMcMaster University
54%
63AustraliaMonash University
54%
99JapanNagoya University
54%
57SingaporeNanyang Technological University
54%
32United StatesNew York University
54%
22United StatesNorthwestern University
54%
71United StatesOhio State University
54%
90JapanOsaka University
54%
40ChinaPeking University
54%
79United StatesPennsylvania State University
54%
7United StatesPrinceton University
54%
75United StatesRice University
54%
70South KoreaSeoul National University
54%
2United StatesStanford University
54%
46GermanyTechnical University Of Munich
54%
31United StatesThe Rockefeller University
54%
29ChinaTsinghua University
54%
96FranceUniversity Of Paris, Pierre and Marie Curie University
54%
85SwitzerlandUniversity Of Zurich
54%
83SwedenUppsala University
54%
64NetherlandsUtrecht University
54%
54United StatesWashington University
54%
19United StatesYale University
54%
13United KingdomImperial College London
50%
30United KingdomKings College London
50%
39SingaporeNational University Of Singapore
50%
60DenmarkUniversity Of Copenhagen
50%
58AustraliaUniversity Of Sydney
50%
86United KingdomUniversity Of Glasgow
46%
37United KingdomUniversity Of Manchester
46%
28United StatesUniversity of Washington
46%
55United KingdomUniversity Of Bristol
42%
24United KindomUniversity Of Edinburgh
42%
92SwitzerlandUniversity Of Geneva
42%
93NetherlandsErasmus University Rotterdam
38%
1United StatesMassachusetts Institute Of Technology
38%
11United StatesUniversity Of California, Los Angeles
38%
8United StatesUniversity Of Chicago
38%
36SwitzerlandEcole Polytechnique Federale De Lausanne
35%
34CanadaUniversity Of British Columbia
31%
25United StatesUniversity Of California, San Diego
31%
20United StatesUniversity Of California, San Francisco
31%
74FinlandUniversity Of Helsinki
31%
77United StatesUniversity Of Southern California
31%
80NetherlandsUniversity Of Groningen
27%
43United StatesThe University Of Texas Southwestern Medical Centre At Dallas
23%
97AustraliaThe University Of Western Australia
23%
16United StatesUniversity of Pennsylvania
23%
50AustraliaUniversity Of Queensland
23%
51United StatesUniversity Of Texas At Dallas
23%
12United StatesUniversity Of California, Berkeley
19%
59BelguimKU Leuven
15%
69United KingdomLondon School Of Economics
12%
72United StatesPurdue University
12%
81AustraliaThe University Of New South Wales
12%
38United StatesUniversity Of Wisconsin Madison
12%
68United StatesUniversity Of California, Santa Barbara
8%
6United StatesCalifornia Institude Of Technology
4%
94NetherlandsDelft University Of Technology
4%
52FranceEcole Normale Superieure
4%
56United StatesGeorgia Institute Of Technology
4%
82United StatesUniversity Of California, Davis
4%
42United StatesUniversity Of Illinois Urbana Champaign
4%
76United StatesUniversity Of Maryland, College Park
4%
78United StatesUniversity Of Minnesota
4%
53United StatesUniversity Of North Carolina At Chapel Hill
4%
88United KingdomUniversity Of Warwick
4%
35SwedenKarolinska Institutet
0%
61United StatesMayo Medical School
0%
62FranceParis Sciences et Lettres
0%
21United StatesUniversity Of Michagin
0%

Score Distribution

Percentile by Number Answered

Percent of People with Each Score

Your Score History

You have not taken this quiz